| 000 | 003390000a22001330004500 | ||
|---|---|---|---|
| 003 | MACL | ||
| 040 | _aMACL | ||
| 090 |
_c2917 _d2917 |
||
| 100 | _aMurty, K. Satchidanands | ||
| 245 |
_aThe Divene Peacock _bUnderstanding Contemporary India |
||
| 260 |
_bIndian Coundil for Cultural Relations _c1995 |
||
| 650 | _aSociology | ||
| 942 |
_cBOOK _k300 |
||
| 999 |
_c2896 _d2896 |
||